000 00187nam a2200073Ia 4500
008 170620s9999 xx 000 0 und d
100 _aMathur
245 0 _aGeneral Methods- School Org. and School Hygine
260 _bAPOLO
999 _c27308
_d27308